| 000 | 00817nam a2200265Ia 4500 | ||
|---|---|---|---|
| 001 | Z_588 | ||
| 003 | CHAP | ||
| 008 | 220113s1979 xx 000 0 und d | ||
| 010 | _a163698 | ||
| 040 | _cCHAP | ||
| 090 | _aTesis P 98 | ||
| 100 |
_aPeláez Camarena, Víctor M. A. _986637 |
||
| 245 |
_aEfecto de la suplementación sobre el valor nutritivo del rastrojo de maíz con borregos en jaulas metabólicas / _cpor Víctor M. A. Peláez Camarena |
||
| 260 |
_aChapingo, Méx. : _bEl autor, _c1979 |
||
| 300 | _a32 p. | ||
| 502 | _aTesis (Ing. Agrónomo Esp. en Zootecnia) -- UACH. Departamento de Zootecnia | ||
| 650 |
_aGanado lanar _xAlimentación _945153 |
||
| 650 |
_aMaíz como forraje _971109 |
||
| 901 | _aTESIS P 98 | ||
| 902 | _aM | ||
| 910 | _a1979 | ||
| 942 | _c2 | ||
| 942 | _c2 | ||
| 999 |
_c163698 _d163698 |
||